[Event "68th GRE-ch 2018"]
[Site "Thessaloniki"]
[Date "2018.12.19"]
[Round "8"]
[White "Grivas, Efstratios"]
[Black "Kourkoulos-Arditis, Stamatis"]
[Result "1/2-1/2"]
[WhiteElo "2424"]
[BlackElo "2424"]
[Annotator "TA"]
[PlyCount "64"]
[EventDate "2018.12.12"]
[EventType "tourn"]
[EventCountry "GRE"]
[SourceTitle "playchess.com"]
[Source "ChessBase"]
[SourceQuality "1"]

{[%evp 16,64,9,10,19,0,0,0,0,0,7,0,6,-8,-8,-20,0,-4,-14,-10,0,-37,6,-17,-10,-9,-9,-6,0,-10,-34,-38,-36,-75,-88,-106,4,13,0,5,2,-9,-9,-9,-10,-10,-10,-11,0,0,0]} 1. d4 Nf6 2. Nf3 g6 3. g3 Bg7 4. Bg2 O-O 5. O-O d6 6. a4 {[%cal Ba2a4,Ba4a5][%mdl 32]} c6 7. a5 Qc7 {A49: 1 d4 Nf6 2 Nf3 g6 3 g3: Anti-King's Indian systems} 8. Nc3 (8. Nbd2 c5 9. c3 Na6 10. h3 cxd4 11. Nxd4 Bd7 12. Qb3 Nc5 13. Qa3 e5 14. N4b3 Na6 15. Rd1 {1-0 (64) Kazhgaleyev,M (2570)-Vakhidov,J (2576) Tashkent 2016}) 8... e5 9. e4 {LiveBook: 7 Games} Na6 10. h3 b5 $146 ({Predecessor:} 10... Re8 11. Re1 Bd7 12. Be3 Rad8 13. Qb1 c5 14. dxe5 dxe5 15. Nd2 {½-½ (72) Holm,K (2422)-Lie,E (2434) Norway 2016}) 11. axb6 axb6 12. Be3 b5 13. dxe5 dxe5 14. Nd2 Be6 15. Ne2 Qe7 16. c3 Nc5 {[%cal Ba6c5,Bc5b7,Bb7d6][%mdl 32]} 17. Qc2 Nfd7 18. b4 Nb7 (18... Na4 {looks sharper.} 19. Rfb1 Ndb6 20. Nc1 Qd7 21. Kh2 f5) 19. Qb2 Nd6 20. Rxa8 Rxa8 21. Ra1 Qd8 22. Nc1 Ra4 23. Rxa4 bxa4 24. Qa1 Qa8 25. Ncb3 {Black should prevent Na5.} Bxb3 (25... a3 $17 {...Qa4 is the strong threat.} 26. Na5 a2) 26. Nxb3 $11 {Hoping for Na5.The position is equal.} Nc4 27. Bc1 Ndb6 28. Bf1 Qd8 29. Na5 Qd1 {[#] White must now prevent ...a3!} 30. Bb2 Nxb2 31. Qxb2 Bf8 32. Kg2 $1 c5 {Accuracy: White = 42%, Black = 44%.} 1/2-1/2

[Event "68th GRE-ch 2018"]
[Site "Thessaloniki"]
[Date "2018.12.19"]
[Round "8"]
[White "Kanakaris, Georgios"]
[Black "Nikolaidis, Ioannis"]
[Result "1/2-1/2"]
[WhiteElo "2401"]
[BlackElo "2564"]
[Annotator "TA"]
[PlyCount "89"]
[EventDate "2018.12.12"]
[EventType "tourn"]
[EventCountry "GRE"]
[SourceTitle "playchess.com"]
[Source "ChessBase"]
[SourceQuality "1"]

{[%evp 16,89,13,10,32,10,27,23,25,19,45,18,69,30,36,18,18,18,18,0,18,18,11,0,22,35,34,17,44,55,42,27,17,16,39,27,51,35,35,25,27,32,36,20,30,10,7,0,8,0,0,0,45,0,0,0,0,0,6,0,12,0,0,0,8,6,41,20,28,2,0,0,8,0,0,0]} 1. d4 Nf6 2. Nf3 e6 3. e3 c5 4. Bd3 d5 5. b3 Nc6 6. Bb2 cxd4 7. exd4 g6 {D05: Colle System with ...e6} 8. O-O Bg7 9. Ba3 {LiveBook: 6 Games} Ne7 (9... a6 10. Re1 b5 11. c3 Bb7 12. Qc1 Rc8 13. Qf4 Ne7 14. Ne5 O-O 15. Bc5 {0-1 (27) Dominguez Perez,L (2739)-Margvelashvili,G (2530) chess.com INT 2018}) 10. c3 $146 ({Predecessor:} 10. Nbd2 O-O 11. Ne5 Re8 12. Ndf3 Qa5 13. Qc1 Ne4 14. Re1 f6 15. Ng4 {0-1 (45) Panelo Munoz,M (2448)-Lopez Martinez,J (2548) Barcelona 2014}) 10... O-O 11. Nbd2 b6 12. Qe2 Bb7 13. Rfe1 Ne8 ({Better is} 13... Rc8 $11) 14. Rac1 Nc7 15. Ne5 f6 16. Nef3 Re8 17. h4 e5 18. dxe5 fxe5 {[#] Strongly threatening ...e4.} 19. Nxe5 {aiming for Qg4.} Nf5 20. Ndf3 {h5 is the strong threat.} Nxh4 21. Qd2 Nxf3+ 22. Nxf3 Qd7 23. Rxe8+ (23. Qf4 {with more complications.} Ba6 24. Bxa6 Nxa6 25. c4 d4 26. Rxe8+ Rxe8 27. Re1) 23... Rxe8 24. Re1 Nb5 25. Rxe8+ Qxe8 26. Bxb5 Qxb5 27. Nd4 Qe8 28. Bd6 h6 29. Bf4 g5 30. Be3 (30. Bg3 {is more complex.} Bc8 31. Qd3 Be6 32. f3 Bf7 33. Nf5) 30... Qe4 31. a4 Be5 32. f3 Qb1+ 33. Qc1 Qg6 34. f4 gxf4 35. Bxf4 Bg7 36. Qe3 Bc8 37. Qf3 Be6 38. Qg3 Bg4 39. Be5 Bf8 40. b4 h5 41. Kh2 Bh6 42. Bf4 Bg7 {The position is equal.} 43. Qe3 Bf5 44. Qg3 Bxd4 45. Qxg6+ {Accuracy: White = 28%, Black = 47%.} 1/2-1/2

[Event "68th GRE-ch 2018"]
[Site "Thessaloniki"]
[Date "2018.12.19"]
[Round "8"]
[White "Skaperdas, Kostantinos"]
[Black "Ioannidis, Evgenios"]
[Result "0-1"]
[WhiteElo "2231"]
[BlackElo "2382"]
[Annotator "NA"]
[PlyCount "72"]
[EventDate "2018.12.12"]
[EventType "tourn"]
[EventCountry "GRE"]
[SourceTitle "playchess.com"]
[Source "ChessBase"]
[SourceQuality "1"]
[TimeControl "40/5400+30:1800+30"]

1. d4 {[%emt 0:00:00]} Nf6 {[%emt 0:00:36]} 2. Nf3 {[%emt 0:00:00]} e6 {[%emt 0:01:29]} 3. Bf4 {[%emt 0:00:12]} c5 {[%emt 0:07:09]} 4. e3 {[%emt 0:00:30]} cxd4 {[%emt 0:03:01] LiveBook: 127 Games} 5. exd4 {[%emt 0:00:28]} b6 {[%emt 0:00:25]} 6. Nbd2 {[%emt 0:01:40]} Bb7 {[%emt 0:00:29]} 7. Bd3 {[%emt 0:00:09]} Be7 {[%emt 0:00:49]} 8. h3 {[%emt 0:00:05]} d6 {[%emt 0:02:18] A47: 1 d4 Nf6 2 Nf3 b6: Torre, London and Colle Systems} 9. a4 $146 {[%emt 0:12:54]} ({Predecessor:} 9. O-O O-O 10. Re1 Nbd7 11. a4 a6 12. Bh2 h6 13. a5 b5 14. c4 bxc4 15. Nxc4 Qb8 16. Ra3 {0-1 (86) Kamsky,G (2676)-Sjugirov,S (2650) Sochi 2017}) 9... a6 {[%emt 0:05:52]} 10. Nc4 {[%emt 0:01:07]} O-O {[%emt 0:02:40]} 11. O-O {[%emt 0:01:08]} Nd5 {[%emt 0:14:10]} 12. Bh2 {[%emt 0:15:55]} Qc7 {[%emt 0:00:47]} 13. c3 {[%emt 0:06:46]} Nd7 {[%emt 0:01:31]} 14. Qe2 {[%emt 0:03:50]} Rfd8 {[%emt 0:09:40]} 15. Rfe1 {[%emt 0:11:59]} Nf8 {[%emt 0:03:56]} 16. Nfd2 {[%emt 0:00:58]} Ng6 $11 {[%emt 0:05:00]} 17. Qh5 {[%emt 0:00:42]} (17. Be4 Rab8) 17... Nf6 {[%emt 0:09:12]} 18. Qe2 {[%emt 0:00:38]} Nh4 {[%emt 0:00:55]} 19. Ne3 {[%emt 0:00:37]} Qc6 {[%emt 0:00:56]} 20. Bg3 {[%emt 0:05:31]} Ng6 {[%emt 0:01:15]} 21. d5 {[%emt 0:07:03]} (21. a5 $14) 21... exd5 $14 {[%emt 0:00:48]} ({Wrong is} 21... Nxd5 $2 22. Nxd5 Bg5 23. Ne3 $18) 22. Nf3 {[%emt 0:04:29]} Re8 {[%emt 0:01:09]} 23. Nd4 {[%emt 0:00:23]} Qc7 {[%emt 0:00:50]} 24. Nef5 {[%emt 0:03:18]} Bf8 {[%emt 0:00:13]} 25. Qc2 {[%emt 0:02:19]} Ne4 {[%emt 0:02:10]} 26. Bh2 {[%emt 0:00:15]} Ne5 {[%emt 0:00:55]} 27. Bf1 {[%emt 0:02:06]} g6 {[%emt 0:04:08]} 28. Ne3 {[%emt 0:00:16]} Bh6 {[%emt 0:04:28]} 29. Ng4 {[%emt 0:01:58]} Bg7 {[%emt 0:01:39]} 30. f3 {[%emt 0:00:14]} Nxg4 {[%emt 0:00:09]} 31. Bd3 {[%emt 0:07:12]} Nxh2 {[%emt 0:03:55]} 32. fxe4 {[%emt 0:00:09]} dxe4 {[%emt 0:00:12]} 33. Bxe4 {[%emt 0:00:18]} d5 {[%emt 0:00:33]} 34. Bd3 {[%emt 0:00:13]} Qg3 {[%emt 0:01:47]} 35. Ne2 {[%emt 0:01:38]} Nf3+ {[%emt 0:00:05]} 36. Kf1 {[%emt 0:00:07]} Nxe1 0-1

[Event "68th GRE-ch 2018"]
[Site "Thessaloniki"]
[Date "2018.12.19"]
[Round "8"]
[White "Makka, Evanthia"]
[Black "Gouloutis, Nikolaos"]
[Result "0-1"]
[WhiteElo "2084"]
[BlackElo "2353"]
[Annotator "NA"]
[PlyCount "62"]
[EventDate "2018.12.12"]
[EventType "tourn"]
[EventCountry "GRE"]
[SourceTitle "playchess.com"]
[Source "ChessBase"]
[SourceQuality "1"]
[TimeControl "40/5400+30:1800+30"]

1. d4 {[%emt 0:00:00]} Nf6 {[%emt 0:00:00]} 2. Nf3 {[%emt 0:00:00]} e6 {[%emt 0:00:00]} 3. e3 {[%emt 0:00:00]} c5 {[%emt 0:00:00]} 4. Bd3 {[%emt 0:00:44]} cxd4 {[%emt 0:01:56]} 5. exd4 {[%emt 0:00:09]} Be7 {[%emt 0:00:05]} 6. O-O {[%emt 0:00:35]} O-O {[%emt 0:00:06]} 7. c4 {[%emt 0:01:45]} d5 {[%emt 0:00:13]} 8. Nc3 {[%emt 0:00:49]} dxc4 {[%emt 0:02:19]} 9. Bxc4 {[%emt 0:00:10]} Nbd7 {[%emt 0:00:08]} 10. Bb3 {[%emt 0:01:48] D40: Queen's Gambit Declined: Semi-Tarrasch with 5 e3} (10. a3 Nb6 11. Ba2 Bd7 12. Ne5 Rc8 13. Qf3 Bc6 14. Nxc6 Rxc6 15. Rd1 Nfd5 16. Ne4 Qc7 17. b4 Nc3 18. Nxc3 Rxc3 19. Qe4 {½-½ (36) Guliev,L (2336)-Tarlev,K (2544) Mersin 2017}) 10... Nb6 {[%emt 0:01:58] LiveBook: 13 Games} 11. Qd3 {[%emt 0:01:53]} Bd7 {[%emt 0:24:33]} 12. Ne5 {[%emt 0:02:18]} Rc8 {[%emt 0:00:46]} 13. Bg5 {[%emt 0:09:16]} Bc6 {[%emt 0:01:56]} 14. Bc2 {[%emt 0:12:01]} g6 {[%emt 0:00:24]} 15. Rae1 $146 {[%emt 0:06:40]} ({Predecessor:} 15. Rad1 a6 16. Rfe1 Nbd5 17. Bb3 b5 18. Qh3 Qd6 19. Nxc6 Rxc6 20. Nxd5 exd5 {1-0 (42) Thielsch,N (2347)-Grohde,W (2168) Hamburg 2005}) 15... Nbd5 {[%emt 0:17:12]} 16. Qh3 {[%emt 0:22:12]} Nh5 $11 {[%emt 0:10:28]} 17. Nxc6 {[%emt 0:08:18]} Rxc6 {[%emt 0:01:02]} 18. Bh6 {[%emt 0:01:50]} Ng7 {[%emt 0:03:22]} 19. Bb3 {[%emt 0:14:24]} Nxc3 {[%emt 0:03:58]} 20. bxc3 {[%emt 0:00:53]} Bg5 {[%emt 0:00:43]} 21. Bxg7 {[%emt 0:01:32]} Kxg7 {[%emt 0:00:04]} 22. f4 {[%emt 0:01:24]} Bf6 {[%emt 0:00:15]} 23. Rd1 {[%emt 0:06:13]} h5 {[%emt 0:20:44]} 24. Rd3 {[%emt 0:02:20]} Qb6 {[%emt 0:03:02]} 25. Kh1 {[%emt 0:02:29]} Rfc8 {[%emt 0:01:09]} 26. Rg3 {[%emt 0:01:10]} Qa5 {[%emt 0:02:59]} 27. d5 {[%emt 0:01:23]} Rxc3 {[%emt 0:01:39]} 28. dxe6 {[%emt 0:00:19]} Rc1 {[%emt 0:00:02]} 29. Rgf3 {[%emt 0:00:26]} Qa6 {[%emt 0:00:34]} 30. Bd1 {[%emt 0:01:21]} Rd8 {[%emt 0:00:57]} 31. Be2 {[%emt 0:00:34]} Qxe2 {[%emt 0:00:10]} 0-1

[Event "68th GRE-ch 2018"]
[Site "Thessaloniki"]
[Date "2018.12.20"]
[Round "9"]
[White "Nikolaidis, Ioannis"]
[Black "Skaperdas, Kostantinos"]
[Result "1-0"]
[WhiteElo "2564"]
[BlackElo "2231"]
[Annotator "TA"]
[PlyCount "77"]
[EventDate "2018.12.12"]
[EventType "tourn"]
[EventCountry "GRE"]
[SourceTitle "playchess.com"]
[Source "ChessBase"]
[SourceQuality "1"]

{[%evp 18,77,14,2,50,0,0,1,72,65,87,74,74,54,55,54,77,58,102,102,104,100,125,102,117,112,106,100,93,72,90,89,89,61,137,134,135,123,154,145,260,275,260,267,216,233,264,241,251,259,454,318,372,409,1023,1025,1724,1686,1568,1578,1068,449]} 1. d4 e6 2. c4 d5 3. Nc3 Bb4 4. Qa4+ Nc6 5. e3 Nf6 6. Nf3 O-O 7. Bd2 Re8 {D38: Queen's Gambit Declined: Ragozin Defence (4 Nf3 Bb4)} (7... dxc4 8. Bxc4 Bd6 9. e4 e5 10. dxe5 Nxe5 11. Nxe5 Bxe5 12. O-O-O Qe8 13. Qxe8 Rxe8 14. f3 Be6 15. Bxe6 Rxe6 {½-½ (67) Navara,D (2727)-Harikrishna,P (2732) Prague 2018}) 8. Qc2 Bd6 9. a3 a6 10. Bd3 {LiveBook: 3 Games} Bd7 $146 ({Predecessor:} 10... dxc4 11. Bxc4 h6 12. O-O e5 13. h3 e4 14. Ne1 Bf5 {1-0 (54) Leitao,R (2616)-Shengelia,D (2573) Baku 2016}) 11. O-O dxc4 12. Bxc4 e5 {[#]} (12... h6 $11) 13. Ng5 $1 $16 {[%cal Rg5f7]} Rf8 14. Nd5 {Nxf6+ would kill now.} (14. f4 {keeps more tension.} exd4 15. Nd5 g6 16. e4 Nxd5 17. Bxd5 Kg7 18. Qc4) 14... g6 15. Nxf6+ Qxf6 16. Ne4 Qe7 17. d5 Nb8 {[%cal Bc6b8,Bb8a6,Ba6c5,Bc5a4][%mdl 32]} 18. Nxd6 cxd6 19. Rfc1 b5 20. Be2 {[#] aiming for Qc7.} a5 21. Qc7 Na6 22. Qxa5 Nc5 23. Qb4 f5 24. Qc3 ({Inferior is} 24. Bxb5 Rfb8 $17) 24... g5 25. f3 h5 (25... Rfc8 $14) 26. b4 Na4 27. Qb3 Rfc8 28. Rc6 Rab8 (28... Bxc6 $16 29. dxc6+ Qf7 30. Qxf7+ Kxf7) 29. Bxb5 $18 Rxb5 30. Rxc8+ ({Resist} 30. Qxa4 $6 Bxc6 31. dxc6 Rd5 $16) 30... Bxc8 31. Qxa4 Rxd5 32. Qc2 Bb7 33. Bc3 Qd7 $2 (33... e4 {is a better defense.} 34. fxe4 Qxe4 35. Qxe4 fxe4) 34. a4 {Hoping for e4.} Qc6 35. Rc1 e4 (35... Qb6 $142 36. Kf2 e4) 36. fxe4 {White is clearly winning.} fxe4 37. Qf2 {Intending Rf1 and mate.} Qd7 38. Qf6 Rf5 39. Qh8+ {Accuracy: White = 72%, Black = 36%.} (39. Qg6+ $142 Kf8 40. Bf6) 1-0

[Event "68th GRE-ch 2018"]
[Site "Thessaloniki"]
[Date "2018.12.20"]
[Round "9"]
[White "Kourkoulos-Arditis, Stamatis"]
[Black "Makka, Evanthia"]
[Result "1-0"]
[WhiteElo "2424"]
[BlackElo "2084"]
[Annotator "TA"]
[PlyCount "71"]
[EventDate "2018.12.12"]
[EventType "tourn"]
[EventCountry "GRE"]
[SourceTitle "playchess.com"]
[Source "ChessBase"]
[SourceQuality "1"]

{[%evp 12,71,31,-31,67,77,61,66,71,75,64,69,97,74,120,109,115,122,131,127,153,126,160,104,115,111,125,124,106,110,164,160,155,141,146,147,189,169,152,149,185,152,191,179,190,155,308,133,242,235,252,189,220,188,183,152,127,126,275,287,310,302]} 1. Nf3 d5 2. g3 g6 3. Bg2 Bg7 4. c4 c6 5. O-O Nf6 6. d4 dxc4 {D73: Fianchetto Grünfeld: 5 Nf3} (6... O-O 7. b3 Bf5 8. Bb2 Nbd7 9. cxd5 cxd5 10. Nc3 Qb6 11. Rc1 Rfc8 12. e3 Be4 13. Qe2 e6 14. Rfd1 a6 15. Bf1 Bxf3 16. Qxf3 Qd8 {½-½ (42) Wojtaszek,R (2737)-Grischuk,A (2785) Heraklio 2017}) 7. Na3 {LiveBook: 22 Games} ({White should try} 7. Qc2 $14) 7... Be6 ({Black should play} 7... b5 $1 $15) 8. Ng5 $1 $14 Bg4 $146 {White is better.} ({Predecessor:} 8... Bd5 9. e4 h6 10. exd5 hxg5 11. dxc6 Nxc6 12. d5 Ne5 13. Nxc4 Nxc4 {½-½ (55) Tuncer,U (2341)-Secer,A (2319) Kocaeli 2014}) 9. Nxc4 O-O 10. Ne5 {And now Ngxf7 would win.} Bc8 11. Qb3 Qe8 12. e4 h6 13. Nxg6 {[#] Black must now prevent Nf3.} hxg5 14. Nxf8 Qxf8 15. Bxg5 e6 16. h3 Na6 17. Be3 (17. Rac1 $142) 17... b6 $16 18. f4 Rb8 19. g4 c5 20. e5 Nd7 (20... Nd5 $16 {was necessary.} 21. Bxd5 exd5) 21. d5 $36 {[%mdl 2048] White is really pushing.} exd5 22. Bxd5 Nc7 23. Bg2 Qe8 24. Rad1 Nf8 25. Rfe1 Be6 26. Qd3 Bd7 27. Qe4 Bc8 28. Qc2 Ng6 $2 {[#]} (28... Bb7 $16 29. Bxb7 Rxb7) 29. Be4 (29. f5 $18 {is more deadly.}) 29... Nf8 (29... Bb7 $16 {was called for.}) 30. Qf2 Qe7 31. Qf3 Bd7 32. Rd2 Re8 33. Bf2 Nce6 34. Kh1 f6 (34... Bb5 $16) 35. Bd5 fxe5 36. f5 {Accuracy: White = 60%, Black = 36%.} ({Weaker is} 36. fxe5 Kh8 $14) 1-0

[Event "68th GRE-ch 2018"]
[Site "Thessaloniki"]
[Date "2018.12.20"]
[Round "9"]
[White "Ioannidis, Evgenios"]
[Black "Mastrovasilis, Athanasios"]
[Result "0-1"]
[WhiteElo "2382"]
[BlackElo "2510"]
[Annotator "TA"]
[PlyCount "68"]
[EventDate "2018.12.12"]
[EventType "tourn"]
[EventCountry "GRE"]
[SourceTitle "playchess.com"]
[Source "ChessBase"]
[SourceQuality "1"]

{[%evp 11,68,33,38,25,33,25,25,25,40,32,32,41,50,40,61,42,39,28,35,28,28,0,4,3,18,0,0,-63,-70,-88,-118,-117,-110,-103,-99,-86,-99,-108,-90,-99,-95,-109,-112,-111,-105,-107,-105,-105,-103,-387,-395,-557,-570,-562,-553,-553,-553,-5003,-4941]} 1. e4 e5 2. Nf3 Nc6 3. Bc4 Nf6 4. d3 h6 5. c3 d6 6. Nbd2 g6 {LiveBook: 58 Games. C55: Two Knights: 4 d3, 4 d4 exd4 5 e5 and Max Lange Attack} (6... g5 7. h3 Nh5 8. g3 Nf6 9. Nf1 Bg7 10. Ne3 Ne7 11. Bb3 c6 12. h4 g4 13. Nh2 h5 14. f3 {1-0 (40) Dominguez Perez,L (2739)-Mamedyarov,S (2801) Saint Louis 2018}) 7. a4 a5 $146 ({Predecessor:} 7... Bg7 8. a5 a6 9. Qb3 O-O 10. Nf1 b5 11. axb6 cxb6 12. Qc2 d5 13. Ba2 Bg4 14. Qe2 {1-0 (41) Dgebuadze,A (2544)-Marholev,D (2355) Livigno 2011}) 8. h3 Bg7 {White has an edge.} 9. O-O O-O 10. Re1 Nd7 11. Nf1 Nb6 12. Bb3 Kh7 13. d4 exd4 14. cxd4 Nb4 15. Bd2 c5 16. Bxb4 (16. Bc3 {keeps more tension.} c4 17. Bc2 d5 18. Ne3 Be6 19. e5) 16... axb4 17. Ne3 Nd7 18. Nc4 Ra6 19. a5 ({Better is} 19. Ne3 $11) 19... cxd4 $15 20. Nxd4 Nc5 {...Bxd4 is the strong threat.} 21. Bc2 {[#]} d5 $1 {[%cal Rd5c4]} 22. Nb6 dxe4 23. Nb3 Nxb3 24. Bxb3 Bxb2 25. Qxd8 Rxd8 26. Rad1 Rxd1 27. Rxd1 Be6 28. Bxe6 fxe6 $17 {[%mdl 4096] Endgame KRB-KRN} 29. Rd7+ {[#]} Bg7 $1 30. Nc4 $2 {[%mdl 8192]} (30. Rxb7 $17 {was forced.} Rxa5 31. Nd7) 30... Rc6 $19 31. Nd2 (31. Nb2 {keeps fighting.} Rc1+ 32. Kh2) 31... Rc1+ {Black is clearly winning.} 32. Kh2 Rd1 33. Rxb7 Rxd2 34. Rxb4 Be5+ {Precision: White = 51%, Black = 69%.} 0-1

[Event "68th GRE-ch 2018"]
[Site "Thessaloniki"]
[Date "2018.12.20"]
[Round "9"]
[White "Koutoukidis, Panagiotis"]
[Black "Grivas, Efstratios"]
[Result "1/2-1/2"]
[WhiteElo "2357"]
[BlackElo "2424"]
[Annotator "TA"]
[PlyCount "28"]
[EventDate "2018.12.12"]
[EventType "tourn"]
[EventCountry "GRE"]
[SourceTitle "playchess.com"]
[Source "ChessBase"]
[SourceQuality "1"]

{[%evp 27,28,0,50]} 1. e4 e5 2. Nf3 Nc6 3. Bb5 a6 4. Ba4 Nf6 5. O-O Be7 6. Re1 b5 7. Bb3 d6 8. c3 O-O 9. h3 Bb7 10. d4 Re8 11. Ng5 $146 ({Predecessor:} 11. Nbd2 Bf8 12. a3 Nb8 13. Ng5 Re7 14. Ndf3 Nbd7 15. Nxf7 Rxf7 16. Ng5 d5 17. Nxf7 Kxf7 18. f4 exd4 19. e5 dxc3 20. bxc3 Kg8 21. exf6 Nxf6 {1-0 (39) Topalov,V (2740)-Karpov,A (2623) Salamanca 2018}) 11... Rf8 12. Nf3 Re8 13. Ng5 Rf8 14. Nf3 Re8 {LiveBook: 6393 Games} 1/2-1/2

[Event "68th GRE-ch 2018"]
[Site "Thessaloniki"]
[Date "2018.12.20"]
[Round "9"]
[White "Gouloutis, Nikolaos"]
[Black "Kanakaris, Georgios"]
[Result "1/2-1/2"]
[WhiteElo "2353"]
[BlackElo "2401"]
[Annotator "ChessBase"]
[PlyCount "37"]
[EventDate "2018.12.12"]
[EventType "tourn"]
[EventCountry "GRE"]
[SourceTitle "playchess.com"]
[Source "ChessBase"]
[SourceQuality "1"]
[TimeControl "40/5400+30:1800+30"]

1. d4 {[%emt 0:00:00]} d5 {[%emt 0:00:00]} 2. c4 {[%emt 0:00:00]} e6 {[%emt 0:00:21]} 3. Nf3 {[%emt 0:04:29]} Nf6 {[%emt 0:00:06]} 4. g3 {[%emt 0:01:46]} Bb4+ {[%emt 0:00:47]} 5. Bd2 {[%emt 0:00:51]} Be7 {[%emt 0:00:28]} 6. Bg2 {[%emt 0:00:06]} O-O {[%emt 0:00:25]} 7. O-O {[%emt 0:00:12]} c6 {[%emt 0:00:59]} 8. Qc2 {[%emt 0:00:42]} b6 {[%emt 0:00:48]} 9. Rd1 {[%emt 0:00:42]} Ba6 {[%emt 0:01:28]} 10. b3 {[%emt 0:00:07]} Nbd7 {[%emt 0:00:39]} 11. Nc3 {[%emt 0:02:32]} Rc8 {[%emt 0:01:59]} 12. Bf4 {[%emt 0:03:20]} Nh5 {[%emt 0:01:11]} 13. Bc1 {[%emt 0:00:06]} Nhf6 {[%emt 0:00:23]} 14. e4 {[%emt 0:01:02]} dxc4 {[%emt 0:02:08]} 15. Bf4 {[%emt 0:01:27]} Nh5 {[%emt 0:01:10]} 16. Bc1 {[%emt 0:00:24]} Nhf6 {[%emt 0:00:17]} 17. Bf4 {[%emt 0:02:04]} Nh5 {[%emt 0:00:19]} 18. Bc1 {[%emt 0:00:11]} Nhf6 {[%emt 0:00:08]} 19. Bf4 1/2-1/2